000 00517nam a2200169 i 4500
001 32888
003 ES-MaACL
005 20230906154645.0
007 t|
008 030131s1934 sp ||||1| spa d
100 1 _aBenjumea y Pareja, José María.
_927711
245 1 3 _aEl arrendamiento rústico en las modernas legislaciones /
_cpor José María Benjumea y Pareja.
250 _a2ª ed.
260 _aMadrid :
_b[s.n.,
_c1934] (
_fJuan Pueyo)
300 _a146 p. ;
_c19 cm.
852 _aES-MaACL
_jC-3963
_bR.23662
999 _c32888
_d32888